00317nam a2200109Ia 4500008004100000020001800041082001500059100001900074245006800093260003200161500001400193260604s9999 xx 000 0 und d a9780226821474 a320.51 YAD aYADAV [VIKASH] 0aLIBERALISM'S LAST MAN: HAYEK IN THE AGE OF POLITICAL CAPITALISM bUNIVERSITY OF CHICAGO PRESS aPolitical